[Event "HUN-chT2 Toth 0708"]
[Site "Hungary"]
[Date "2008.04.27"]
[Round "10"]
[White "Blazsik, Zoltan Jr"]
[Black "Czegledi, Zsolt"]
[Result "1-0"]
[WhiteElo "1987"]
[BlackElo "2196"]
[PlyCount "101"]
[EventDate "2007.10.14"]
[EventType "team"]
[EventRounds "11"]
[EventCountry "HUN"]
[SourceTitle "EXT 2009"]
[Source "ChessBase"]
[SourceDate "2008.11.26"]
[SourceVersion "1"]
[SourceVersionDate "2008.11.26"]
[SourceQuality "1"]
[WhiteTeam "Maroczy II"]
[BlackTeam "Takisz"]
[WhiteTeamCountry "HUN"]
[BlackTeamCountry "HUN"]

1. d4 Nf6 2. Nf3 e6 3. Bg5 d5 4. Nbd2 c5 5. e3 Nc6 6. c3 h6 7. Bh4 Be7 8. Bd3 Qb6 9. Qb1 Bd7 10. 0-0 cxd4 11. exd4 g5 12. Bg3 Nh5 13. Ne5 Nxg3 14. Nxd7 Qc7 15. fxg3 Qxd7 16. Qd1 h5 17. Qf3 f5 18. Rae1 Rh6 19. Qe3 0-0-0 20. Nf3 Rg6 21. Bb5 Qc7 22. Bxc6 bxc6 23. Ne5 Rg7 24. Nf7 Rg6 25. Nxd8 Qxd8 26. Qe2 Kb7 27. Qxh5 Qg8 28. Qd1 Bd6 29. b4 g4 30. b5 cxb5 31. a4 Rh6 32. Qe2 a6 33. axb5 a5 34. Qa2 Bc7 35. b6 Bxb6 36. Rb1 Ka7 37. Rxb6 Kxb6 38. Rb1+ Kc6 39. Qxa5 Qc8 40. Rb6+ Kd7 41. Qa7+ Ke8 42. Rb8 Qxb8 43. Qxb8+ Kf7 44. Qd8 Rg6 45. Kf2 Rh6 46. Qc7+ Kf6 47. Qe5+ Kf7 48. Kg1 Rh7 49. c4 dxc4 50. d5 exd5 51. Qxf5+ 1-0

[Event "HUN-chT2 Toth 0708"]
[Site "Hungary"]
[Date "2008.03.16"]
[Round "8"]
[White "Blazsik, Zoltan Jr"]
[Black "Baranyi, Erno"]
[Result "0-1"]
[WhiteElo "1987"]
[BlackElo "2111"]
[PlyCount "120"]
[EventDate "2007.10.14"]
[EventType "team"]
[EventRounds "11"]
[EventCountry "HUN"]
[SourceTitle "EXT 2009"]
[Source "ChessBase"]
[SourceDate "2008.11.26"]
[SourceVersion "1"]
[SourceVersionDate "2008.11.26"]
[SourceQuality "1"]
[WhiteTeam "Maroczy II"]
[BlackTeam "Vasarhelyi"]
[WhiteTeamCountry "HUN"]
[BlackTeamCountry "HUN"]

1. d4 Nf6 2. c4 g6 3. Nc3 Bg7 4. e4 d6 5. Nf3 0-0 6. Be2 e5 7. dxe5 dxe5 8. Bg5 Nbd7 9. 0-0 c6 10. b4 h6 11. Be3 Qc7 12. Nd2 Rd8 13. Qc2 Nf8 14. f3 Ne6 15. Nb3 Nd4 16. Bxd4 exd4 17. Na4 Nh5 18. Rad1 Be5 19. g3 Bxg3 20. hxg3 Qxg3+ 21. Kh1 Qh4+ 22. Kg1 Bh3 23. Bd3 Qg3+ 24. Kh1 Bxf1 25. Rxf1 Qh3+ 26. Qh2 Ng3+ 27. Kg1 Qxh2+ 28. Kxh2 Nxf1+ 29. Bxf1 d3 30. Nd2 a5 31. b5 cxb5 32. Nb6 bxc4 33. Ndxc4 d2 34. Be2 Rd4 35. Bd1 Ra6 36. Kg2 Rxb6 37. Nxb6 Rb4 38. Nd5 Rb1 39. Ne3 b5 40. Kf2 a4 41. Ke2 Rb2 42. a3 b4 43. Nc4 bxa3 44. Nxa3 Ra2 45. Nb1 a3 46. Bb3 Rb2 47. Bxf7+ Kxf7 48. Nxa3 d1Q+ 49. Kxd1 Rf2 50. Nc4 Ke6 51. Nd2 h5 52. Ke1 Rg2 53. Nc4 h4 54. Kf1 Ra2 55. Kg1 g5 56. Kf1 Ra4 57. Nb2 Rd4 58. Kf2 Ke5 59. Kg2 Rd2+ 60. Kh3 Kf4 0-1

[Event "HUN-ch U16"]
[Site "Balatonlelle"]
[Date "2005.06.29"]
[Round "1"]
[White "Toth, Ervin"]
[Black "Blazsik, Zoltan Jr"]
[Result "1-0"]
[WhiteElo "2239"]
[BlackElo "1964"]
[PlyCount "55"]
[EventDate "2005.06.29"]
[EventType "swiss"]
[EventRounds "9"]
[EventCountry "HUN"]
[SourceTitle "EXT 2008"]
[Source "ChessBase"]
[SourceDate "2007.11.25"]
[SourceVersion "1"]
[SourceVersionDate "2007.11.25"]
[SourceQuality "1"]

1. e4 e6 2. d4 d5 3. Nd2 dxe4 4. Nxe4 Nd7 5. Nf3 Ngf6 6. Bg5 h6 7. Bxf6 Nxf6 8. Nxf6+ Qxf6 9. Bd3 Be7 10. Qe2 0-0 11. Qe4 g6 12. h4 Qg7 13. 0-0-0 f5 14. Qe3 Bf6 15. Bc4 Re8 16. g4 fxg4 17. Ne5 c5 18. Qe4 Bxe5 19. dxe5 h5 20. f3 Qh6+ 21. Kb1 Rf8 22. fxg4 Rf4 23. Qe3 Kh7 24. g5 Qf8 25. Rhf1 Rxf1 26. Rxf1 Qe7 27. Qe4 Qd7 28. Bd3 1-0

[Event "HUN-chT2 Maroczy 0405"]
[Site "Hungary"]
[Date "2005.02.06"]
[Round "7"]
[White "Blazsik, Zoltan Jr"]
[Black "Toth, David Jozsef"]
[Result "1/2-1/2"]
[WhiteElo "1964"]
[BlackElo "1827"]
[PlyCount "129"]
[EventDate "2004.09.26"]
[EventType "team"]
[EventRounds "11"]
[EventCountry "HUN"]
[SourceTitle "EXT 2008"]
[Source "ChessBase"]
[SourceDate "2007.11.25"]
[SourceVersion "1"]
[SourceVersionDate "2007.11.25"]
[SourceQuality "1"]
[WhiteTeam "Hodmezovasarhely"]
[BlackTeam "Sarospatak"]
[WhiteTeamCountry "HUN"]
[BlackTeamCountry "HUN"]

1. c4 Nf6 2. Nf3 c5 3. Nc3 Nc6 4. g3 d6 5. Bg2 g6 6. 0-0 Bg7 7. e3 0-0 8. d3 Rb8 9. Nd2 Bf5 10. Qe2 Qd7 11. f4 Nb4 12. Nde4 Nxe4 13. Nxe4 Bg4 14. Bf3 Bxf3 15. Rxf3 b5 16. a3 Na6 17. cxb5 Qxb5 18. Qc2 Rfc8 19. Rf2 d5 20. Nc3 Qd7 21. Qa4 Qxa4 22. Nxa4 d4 23. Rc2 Rb3 24. exd4 Bxd4+ 25. Kg2 Rxd3 26. Bd2 Rd8 27. Ba5 Rd7 28. Nc3 Nb8 29. Nb5 Nc6 30. Be1 Be3 31. b4 a6 32. Nc3 cxb4 33. axb4 Nxb4 34. Rb2 Bd2 35. Rxb4 Bxc3 36. Rb8+ Kg7 37. Bxc3+ Rxc3 38. Rxa6 Rd2+ 39. Kh3 Rcc2 40. Rb7 h5 41. g4 Rc3+ 42. Kh4 Rxh2+ 43. Kg5 f6+ 44. Rxf6 Rc5+ 45. f5 Rxf5+ 46. Rxf5 gxf5 47. gxf5 Kf7 48. Rb4 Rg2+ 49. Kxh5 Kf6 50. Rb5 Rg5+ 51. Kh4 Rxf5 52. Rb8 Rd5 53. Kg3 Kf5 54. Kf2 Ke4 55. Ke2 Rh5 56. Rb4+ Kf5 57. Rb5+ e5 58. Rb4 Rh3 59. Ra4 e4 60. Ra8 Rh2+ 61. Ke3 Rh1 62. Rf8+ Ke5 63. Re8+ Kd5 64. Rd8+ Ke6 65. Kxe4 1/2-1/2